000 01400nam0a22002891 4500
001 rc\4513368
005 20250612104303.0
021 _aRU
_b[57-28814]
035 _a(NLR Aleph) 008620583
090 _a8820560
_c8820560
100 _a20130416d1957 |||y0rusy50 ca
101 0 _arus
102 _aRU
105 _aa z |||||
200 1 _aСкоростное армирование клетевого ствола № 1 шахты "Игнатьевская" в Донбассе
_e(Из опыта работы стройупр. № 1 треста "сталиншахтопроходка")
_fМ-во строительства предприятий угольной пром-сти СССР. Техн. упр. Центр. ин-т техн. информации
210 _aМосква
_cУглетехиздат
_d1957
215 _a42 с., 1 л. черт.
_cчерт.
_d22
300 _aПеред загл. авт.: И.И. Каращук, М.В. Курчин, И.С. Стоев
606 _aШахтные стволы
_xАрмировка скоростная
_2psbo
700 1 _aКаращук
_bИ.И.
_gИван Игнатьевич
701 1 _aКурчин
_bМ.В.
_gМихаил Васильевич
701 1 _aСтоев
_bИ.С.
_gИлья Степанович
801 0 _aRU
_bNLR
_gpsbo
801 1 _aRU
_bELAR
_2rusmarc
852 _aNLR
_j57-6/3573
942 _cBOOK
980 _aNB